000 00395nam a2200145Ia 4500
008 231217s9999 xx 000 0 und d
041 _aEnglish
082 _a001.64404 LEV;1 R
100 _aLevine, John R Baroudi, Carol Young, Margaret Levine
245 4 _aThe internet for dummies
250 _a5th ed.
260 _c1998
_bComdex Computer Publ.
300 _axxiv+376+27
942 _cAA
999 _c166884
_d166884